Interacting Bosons in Nuclear Physics /

Bibliographic Details
Main Author: Iachello, F.
Corporate Author: SpringerLink (Online service)
Format: eBook
Language:English
Published: Boston, MA : Springer US, 1979.
Series:Ettore Majorana International Science Series ;.
Subjects:
Online Access:Connect to the full text of this electronic book

MARC

Tag First Indicator Second Indicator Subfields
LEADER 00000cam a2200000Mi 4500
001 in00003570331
006 m o d
007 cr mnu---uuaaa
008 121227s1979 mau o 000 0 eng
005 20260420213850.8
019 |a 840288241 
020 |a 9781468435214 (electronic bk.) 
020 |a 1468435213 (electronic bk.) 
020 |z 9781468435238 
020 |z 146843523X 
020 |z 1468435213 
035 |a (OCoLC)851840710  |z (OCoLC)840288241 
040 |a AU@  |b eng  |e pn  |c AU@  |d OCLCO  |d GW5XE  |d I9W  |d UV0  |d OCLCQ  |d OCLCF  |d UtOrBLW 
049 |a TXAM 
050 4 |a QC770-798 
050 4 |a QC702.7.H42 
050 4 |a QC793.5.H32-793.5.H329 
072 7 |a PHM  |2 bicssc 
072 7 |a SCI051000  |2 bisacsh 
082 0 4 |a 539.7092  |2 23 
100 1 |a Iachello, F. 
245 1 0 |a Interacting Bosons in Nuclear Physics /  |c edited by F. Iachello. 
264 1 |a Boston, MA :  |b Springer US,  |c 1979. 
300 |a 1 online resource (volumes) 
336 |a text  |b txt  |2 rdacontent 
337 |a computer  |b c  |2 rdamedia 
338 |a online resource  |b cr  |2 rdacarrier 
490 1 |a Ettore Majorana International Science Series 
500 |a Electronic resource. 
650 0 |a Physics. 
650 0 |a Nuclear physics. 
650 7 |a Nuclear physics.  |2 fast  |0 (OCoLC)fst01040386 
650 7 |a Physics.  |2 fast  |0 (OCoLC)fst01063025 
655 7 |a Electronic books.  |2 local 
710 2 |a SpringerLink (Online service) 
776 1 8 |i Print version:  |z 9781468435238 
830 0 |a Ettore Majorana International Science Series ;. 
856 4 0 |u http://proxy.library.tamu.edu/login?url=https://link.springer.com/10.1007/978-1-4684-3521-4  |z Connect to the full text of this electronic book  |t 0 
994 |a 92  |b TXA 
999 |a MARS 
999 f f |s 3c7e5909-e528-3846-a269-0b40c8fc6357  |i 44411d9a-72fe-3637-9cf3-0657b144ca3f  |t 0 
952 f f |a Texas A&M University  |b College Station  |c Electronic Resources  |s www_evans  |d Available Online  |t 0  |e QC793.5.H32-793.5.H329  |h Library of Congress classification 
998 f f |a QC793.5.H32-793.5.H329  |t 0  |l Available Online